Oxford advanced learner's dictionary of current English (Record no. 40146)

MARC details
000 -LEADER
fixed length control field 00562nam a22001577a 4500
008 - FIXED-LENGTH DATA ELEMENTS--GENERAL INFORMATION
fixed length control field 120126t xxu||||| |||| 00| 0 eng d
050 ## - LIBRARY OF CONGRESS CALL NUMBER
Classification number REFPE 1628
Item number .O94 2000
245 ## - TITLE STATEMENT
Title Oxford advanced learner's dictionary of current English
250 ## - EDITION STATEMENT
Edition statement 6th ed.
260 ## - PUBLICATION, DISTRIBUTION, ETC. (IMPRINT)
Place of publication, distribution, etc Oxford
Name of publisher, distributor, etc Oxford University Press
Date of publication, distribution, etc 2000
300 ## - PHYSICAL DESCRIPTION
Extent Xiv,1600p.
650 ## - SUBJECT ADDED ENTRY--TOPICAL TERM
Topical term following geographic name as entry element English language-Dictionary
700 ## - ADDED ENTRY--PERSONAL NAME
Personal name Wehmeier,Sally
942 ## - ADDED ENTRY ELEMENTS (KOHA)
Source of classification or shelving scheme Library of Congress Classification
Item type Book
Holdings
Withdrawn status Lost status Source of classification or shelving scheme Damaged status Not for loan Collection code Home library Current library Shelving location Date acquired Source of acquisition Full call number Barcode Copy number Price effective from Koha item type
    Library of Congress Classification     Reference Bishop Okullu Memorial Library (Limuru Campus) Bishop Okullu Memorial Library (Limuru Campus) Reference 26/01/2012 purchase REFPE 1628 .O94 2000 029996 1 26/01/2012 Book